00372 a2200121 450000500170000002000220001708200120003910000150005124500760006626000420014230000450018470000210022920250626124216.0 a978-1-4081-0847-5 a658 MOY aMOYNAGH, M aChanging Lives Changing Business: Seven Life Stages in the 21st Century aA & C Black PublishersbLondonc2009. avii, 233p.: ill.; picturesbIndexc23cm a Richard Worsley